000 00472nam a2200181Ia 4500
001 1393
005 20260306143725.0
008 260306t2017||||xx |||||||||||||| ||spa||
041 _aESP
082 _a150
_bC76
100 _aCompañ, Victoria
_eAUT
245 0 _aIntervención psicológica grupal en dolor crónico:
_buna perspectiva constructiva
260 _c2017
300 _a189 páginas :
_c23 cm.
650 _aGEN
654 _aCPS
942 _cLIB
_dJUS
_fJUS
_2ddc
_n
999 _c1393
_d1393